| 000 | 00863nam a2200217 a 4500 | ||
|---|---|---|---|
| 003 | OSt | ||
| 005 | 20240418132741.0 | ||
| 008 | 240417b2011 mx ||||| |||| 001 0 spa d | ||
| 040 |
_cCHAP _erda |
||
| 090 | _aFolleto 18550 | ||
| 245 | 0 | 0 |
_aReglamento para la creación y operación básica de Centros e Instituciones de investigación / _cpor Dirección de Investigación y Posgrado. |
| 250 | _aPrimera edición | ||
| 264 | 1 |
_aChapingo, Méx. . _bUACH. Direccion General de Investigación y Posgrado. _c[2011]. |
|
| 336 |
_2rdacontent _atexto _btxt |
||
| 337 |
_2rdamedia _asin medio _bn |
||
| 338 |
_2rdacarrier _avolumen _bnc |
||
| 650 | 4 |
_9188953 _aUACH _xReglamentos |
|
| 650 | 4 |
_9188954 _aUACH _vManuales _xinvestigación |
|
| 710 | 2 |
_9115815 _aUACH. _bDirección General de Investigación y Posgrado |
|
| 942 |
_2Clasificación Universidad Autónoma Chapingo _cFOLL |
||
| 999 |
_c219854 _d219854 |
||